Science Quiz

Random Science or Nintendo Quiz

Bones of the Body Quiz Stats

 Plays Quiz not verified by Sporcle

Score 0/22 Timer 08:00
0 Plays Today
Number Bone Name % Correct
19.Tibia
88.8%
1.Cranium
88.4%
16.Femur
88.3%
8.Rib
86.5%
9.Radius
85.3%
10.Ulna
85.1%
18.Fibula
85.1%
17.Patella
83.7%
3.Mandible
82.5%
7.Sternum
82.5%
15.Phalanges
78.9%
Number Bone Name % Correct
22.Phalanges
78.9%
6.Humerus
77.9%
5.Clavicle
77.7%
21.Metatarsals
75.1%
14.Metacarpals
73.7%
13.Carpals
72.6%
20.Tarsals
70.8%
12.Coccyx
69%
11.Pelvic Girdle
68.7%
2.Maxilla
59.6%
4.Cervical Vertebra
57.7%

You're not logged in!

Compare scores with friends on all Sporcle quizzes.
Join for Free
OR
Log In

You Might Also Like...

Show Comments

Extras

Created Apr 8, 2010ReportNominate
Tags:Nintendo Quiz, body, bones

Top Quizzes Today


Score Distribution

Your Account Isn't Verified!

In order to create a playlist on Sporcle, you need to verify the email address you used during registration. Go to your Sporcle Settings to finish the process.

Report this User

Report this user for behavior that violates our Community Guidelines.

Details: